000 00778nam a22002055i 4500
001 157357
003 ES-MaACL
005 20230906210649.0
008 990219s1898 fr |||| | fre d
040 _aCAM
_bspa
_cCAM
100 1 _aLe Dantec, Félix.
_970865
245 1 2 _aL'individualité et l'erreur individualiste /
_cpar Félix le Dantec; préface de Alfred Giard.
260 _aParis :
_bAncienne Librairie Germer Bailliére et c\pie\s, Félix Alcan,
_c1898 (
_eCoulommiers :
_fImp. Paul Brodard)
300 _a175 p. ;
_c19 cm.
490 1 _aBibliothèque de philosophie contemporaine
700 1 1 _aGiard, Alfred,
_epr.
_9127298
830 0 _aBibliothèque de philosophie contemporaine
_9181027
852 _aES-MaACL
_jF-11961
_z-- Enc. hol.
999 _c157357
_d157357